书目信息 |
| 题名: |
论宗教
|
|
| 作者: | 弗洛伊德 , Freud 著 ;王献华 , 张敦福 译 | |
| 分册: | ||
| 出版信息: | 北京 国际文化出版公司 2001 |
|
| 页数: | 321页 | |
| 开本: | 20cm | |
| 丛书名: | 精神分析经典译丛 | |
| 单 册: | ||
| 中图分类: | A5 , B84-065 | |
| 科图分类: | ||
| 主题词: | 马列著作--汇编--精神分析--CT--S099430--马列著作--汇编 , CT--S040806--精神分析 | |
| 电子资源: | ||
| ISBN: | 7-80105-736-8 | |
| 000 | 01089oam2 2200325 45 | |
| 001 | 1536075064 | |
| 005 | 20150120100147.21 | |
| 010 | @a7-80105-736-8@dCNY1.25 | |
| 100 | @a20010802d2001 emky0chiy0120 ea | |
| 101 | 1 | @achi@cger |
| 102 | @aCN@b110000 | |
| 105 | @ay z 000yy | |
| 200 | 1 | @a论宗教@9lun zong jiao@f(奥)西格蒙德·弗洛伊德(Sigmund Freud)著@g王献华,张敦福译 |
| 210 | @a北京@c国际文化出版公司@d2001 | |
| 215 | @a321页@d20cm | |
| 225 | 2 | @a精神分析经典译丛 |
| 304 | @a书名取自封面 | |
| 327 | 1 | @a图腾与塔布@a摩西与一神教 |
| 330 | @a本书试图通过保留在人们童年时代的图腾崇拜遗迹,即在我们的孩子们成长过程中发生作用的潜在因素,来推论图腾崇拜的本原意义。 | |
| 461 | 0 | @12001 @a精神分析经典译丛 |
| 606 | 0 | @a马列著作@x汇编@x精神分析@2CT@3S099430@a马列著作@x汇编 |
| 606 | 0 | @2CT@3S040806@a精神分析 |
| 690 | @aA5@v4 | |
| 690 | @aB84-065@v4 | |
| 701 | 1 | @a弗洛伊德@9fu luo yi de@bS.@4著 |
| 701 | 1 | @aFreud@bSigmund@4著 |
| 702 | 0 | @a王献华@9wang xian hua@4译 |
| 702 | 0 | @a张敦福@9zhang dun fu@4译 |
| 801 | 0 | @aCN@bTSSF@c20150120 |
| 905 | @aZUCC@dA5@eJY15 | |
| 论宗教/(奥)西格蒙德·弗洛伊德(Sigmund Freud)著/王献华,张敦福译.-北京:国际文化出版公司,2001 |
| 321页;20cm.-(精神分析经典译丛) |
| 部分内容:图腾与塔布;摩西与一神教 |
| ISBN 7-80105-736-8:CNY1.25 |
| 本书试图通过保留在人们童年时代的图腾崇拜遗迹,即在我们的孩子们成长过程中发生作用的潜在因素,来推论图腾崇拜的本原意义。 |
| ● |
| 相关链接 |
|
|
|
|
正题名:论宗教
索取号:A5/JY15
 
预约/预借
| 序号 | 登录号 | 条形码 | 馆藏地/架位号 | 状态 | 备注 |
| 1 | 7836679 | 278366796 | 学院路分馆/ [索取号:A5/JY15] | 在馆 |